| 000 | 00616nam a2200193Ia 4500 | ||
|---|---|---|---|
| 003 | LK-CoDNM | ||
| 008 | 010623t2010 xxu||||| |||| 00| 1 sin d | ||
| 040 |
_aLK-CoDNM _dLK-CoDNM _eLK-CoDNM |
||
| 041 | _asin | ||
| 080 | _a8S2 PLO | ||
| 100 |
_aPeris,Merlin _etr. |
||
| 245 | _aරෝම පර්හසන නාට්ය දෙකක් : කහවනු මුට්ටිය සහ නපුංසකයා | ||
| 246 | _aRoma Prahasana Natya Dekak :Kahawanu Muttiya saha Napunsakaya | ||
| 260 |
_bGodage _aColombo _c2010 |
||
| 300 | _b152, 21 cm | ||
| 700 | _aPlitus | ||
| 700 | _aTerance | ||
| 942 | _cBK | ||
| 999 |
_c130268 _d130268 |
||